Fifth generation management : (Record no. 20136)

MARC details
000 -LEADER
fixed length control field 00544nam a22001697a 4500
003 - CONTROL NUMBER IDENTIFIER
control field OSt
008 - FIXED-LENGTH DATA ELEMENTS--GENERAL INFORMATION
fixed length control field 240120b1990 |||||||| |||| 00| 0 eng d
082 ## - DEWEY DECIMAL CLASSIFICATION NUMBER
Classification number 658.402
Item number SAV-F
100 ## - MAIN ENTRY--PERSONAL NAME
Personal name Savage, Charles M.
245 ## - TITLE STATEMENT
Title Fifth generation management :
Remainder of title integrating enterprises through human networking /
Statement of responsibility, etc Charles M. Savage.
260 ## - PUBLICATION, DISTRIBUTION, ETC. (IMPRINT)
Place of publication, distribution, etc Delhi :
Name of publisher, distributor, etc Prentice-Hall Of India ,
Date of publication, distribution, etc 1990.
300 ## - PHYSICAL DESCRIPTION
Extent / Pages xvi, 267 p. ;
650 ## - SUBJECT ADDED ENTRY--TOPICAL TERM
Topical term or geographic name as entry element Computer integrated manufacturing systems
650 ## - SUBJECT ADDED ENTRY--TOPICAL TERM
Topical term or geographic name as entry element Industrial management
650 ## - SUBJECT ADDED ENTRY--TOPICAL TERM
Topical term or geographic name as entry element Organization
942 ## - ADDED ENTRY ELEMENTS (KOHA)
Source of classification or shelving scheme
Koha item type Books
Holdings
Withdrawn status Lost status Source of classification or shelving scheme Damaged status Not for loan Home library Current library Date acquired Currency Cost, normal purchase price Total Checkouts Full call number Barcode Date last seen Copy number Bill Date Koha item type
          SOBD Library SOBD Library 20/01/2024 INR 75.00   658.402 SAV-F1 SD1784 20/01/2024 1 20/01/2024 Books
Hosted, Implemented, Customized & Maintained by: BestBookBuddies

Powered by Koha